Management for Filipinos : (Record no. 293249)
[ view plain ]
| 000 -LEADER | |
|---|---|
| fixed length control field | 00642nam a2200241Ia 4500 |
| 008 - FIXED-LENGTH DATA ELEMENTS--GENERAL INFORMATION | |
| fixed length control field | 160404s9999 xx 000 0 und d |
| 050 ## - LIBRARY OF CONGRESS CALL NUMBER | |
| Classification number | FIL HD 31 |
| 050 ## - LIBRARY OF CONGRESS CALL NUMBER | |
| Item number | .I55 2002 c.2 |
| 100 ## - MAIN ENTRY--PERSONAL NAME | |
| Personal name | Iñigo, Conrado E., Jr. |
| 245 ## - TITLE STATEMENT | |
| Title | Management for Filipinos : |
| 245 ## - TITLE STATEMENT | |
| Remainder of title | principles & applications / |
| 245 ## - TITLE STATEMENT | |
| Statement of responsibility, etc | Conrado E. Iñigo, Jr. |
| 250 ## - EDITION STATEMENT | |
| Edition statement | Revised Edition |
| 260 ## - PUBLICATION, DISTRIBUTION, ETC. (IMPRINT) | |
| Place of publication, distribution, etc | Manila : |
| 260 ## - PUBLICATION, DISTRIBUTION, ETC. (IMPRINT) | |
| Name of publisher, distributor, etc | [s.n.] : |
| 260 ## - PUBLICATION, DISTRIBUTION, ETC. (IMPRINT) | |
| Date of publication, distribution, etc | 2002 |
| 300 ## - PHYSICAL DESCRIPTION | |
| Extent | 320 pages : |
| 300 ## - PHYSICAL DESCRIPTION | |
| Other physical details | illustrations ; |
| 300 ## - PHYSICAL DESCRIPTION | |
| Dimensions | 22 cm. |
| 500 ## - GENERAL NOTE | |
| General note | Includes bibliographical references. |
| 650 ## - SUBJECT ADDED ENTRY--TOPICAL TERM | |
| Topical term or geographic name as entry element | Management. |
| 650 ## - SUBJECT ADDED ENTRY--TOPICAL TERM | |
| General subdivision | Management -- Philippines. |
| Withdrawn status | Lost status | Damaged status | Home library | Current library | Shelving location | Date acquired | Total Checkouts | Full call number | Barcode | Date last seen | Price effective from | Koha item type |
|---|---|---|---|---|---|---|---|---|---|---|---|---|
| South Mansfield College | South Mansfield College | Filipiniana Section | FIL HD 31 .I55 2002 c.2 | SMC00239 | 04/04/2016 | 04/04/2016 |